[Event "WYb16"]
[Site "Halkidiki GRE"]
[Date "2003.10.31"]
[Round "9"]
[White "Wen Yang"]
[Black "Milman,L"]
[Result "1/2-1/2"]
[WhiteElo "2271"]
[BlackElo "2380"]

1.e4 c5 2.Nf3 d6 3.d4 cxd4 4.Nxd4 Nf6 5.Nc3 a6 6.f3 e5 7.Nb3 Be6 8.Be3 Nbd7
9.g4 b5 10.g5 b4 11.Ne2 Nh5 12.Qd2 a5 13.Ng3 Nxg3 14.hxg3 a4 15.Nc1 Qc7 16.f4 Qc6
17.Bg2 Nc5 18.f5 Bd7 19.Rh4 a3 20.b3 Rc8 21.Nd3 Nxd3+ 22.cxd3 Qc2 23.Rc1 Qxc1+
24.Qxc1 Rxc1+ 25.Bxc1 d5 26.exd5 Bxf5 27.Bd2 Bxd3 28.Bxb4 Bxb4+ 29.Rxb4 Ke7
30.Kd2 Bb1 31.Rb7+ Kd6 32.Rb6+ Kc5 33.Rc6+ Kb4 34.Rc4+ Kb5 35.Kc3 Rd8 36.Rc6 e4
37.Kd4 Re8 38.Bf1+ Bd3 39.Rc5+ Kb6 40.Rc6+ Kb7 41.Bxd3 exd3 42.Rc1 Rc8 43.Rf1 d2
44.Kd3 Rc5 45.Rxf7+ Kb6 46.Kxd2 Rxd5+ 47.Kc3 Rxg5 48.Rf3 Kb5 49.b4 Ka4 50.Kc4  1/2-1/2

[Event "ch-UKR"]
[Site "Simferopol UKR"]
[Date "2003.11.05"]
[Round "2"]
[White "Andreev,Ed"]
[Black "Tukhaev,A"]
[Result "0-1"]
[WhiteElo "2473"]
[BlackElo "2318"]

1.e4 c5 2.Nf3 d6 3.d4 cxd4 4.Nxd4 Nf6 5.Nc3 a6 6.f3 e6 7.Be3 b5 8.g4 Bb7
9.Qd2 Nfd7 10.O-O-O Nb6 11.Nb3 Nc6 12.Qf2 Nd7 13.Kb1 Rc8 14.g5 Be7 15.Rg1 O-O
16.f4 Na5 17.e5 d5 18.Ne2 Nc4 19.Bc1 a5 20.h4 a4 21.Nbd4 Nc5 22.h5 a3 23.g6 axb2
24.gxh7+ Kxh7 25.Bxb2 Nxb2 26.Qg2 Rg8 27.Kxb2 Qa5 28.Nb3 Nxb3 29.cxb3 Rc2+
30.Kxc2 Qxa2+ 31.Kd3 Qxb3+ 32.Nc3 d4 33.Qc2 Be4+ 34.Kxe4 Qxc2+ 35.Bd3 Qf2  0-1

[Event "2nd Milk Tournament"]
[Site "Selfoss ISL"]
[Date "2003.11.06"]
[Round "8"]
[White "Thorhallsson,T"]
[Black "Rowson,J"]
[Result "1/2-1/2"]
[WhiteElo "2444"]
[BlackElo "2541"]

1.e4 c5 2.Nf3 d6 3.d4 Nf6 4.Nc3 cxd4 5.Nxd4 a6 6.f3 e6 7.Be3 Be7 8.Qd2 O-O
9.g4 Nc6 10.O-O-O Nxd4 11.Bxd4 b5 12.g5 Nd7 13.h4 b4 14.Ne2 a5 15.Be3 Ne5
16.Nd4 Bb7 17.Kb1 d5 18.Qh2 Qb8 19.Bf4 Bd6 20.Qg3 Nc4  1/2-1/2

[Event "ch-UKR"]
[Site "Simferopol UKR"]
[Date "2003.11.07"]
[Round "4"]
[White "Mihalichenko,B"]
[Black "Labensky,I"]
[Result "1/2-1/2"]
[WhiteElo "2265"]
[BlackElo "2462"]

1.e4 c5 2.Nf3 d6 3.d4 cxd4 4.Nxd4 Nf6 5.Nc3 a6 6.f3 e6 7.Be3 Qc7 8.Qd2 Be7
9.O-O-O Nc6 10.g4 O-O 11.h4 Nxd4 12.Bxd4 Nd7 13.g5 b5 14.h5 b4 15.Nb1 e5
16.Be3 Rb8 17.b3 a5 18.g6 Nf6 19.h6 fxg6 20.hxg7 Rf7 21.Bc4 d5 22.exd5 Bd6
23.Bg5 Nh5 24.Qe1 a4 25.Nd2 Bf5 26.Ne4 axb3 27.Bxb3 Bxe4 28.fxe4 Kxg7 29.Kb1 Rf3
30.Rd3 Qf7 31.Rxf3 Qxf3 32.Rf1 Qg4 33.Qe3 Qd7 34.c4 bxc3 35.Qxc3 Rc8 36.Qd3 h6
37.Bc1 Qe7  1/2-1/2

[Event "ch-UKR"]
[Site "Simferopol UKR"]
[Date "2003.11.07"]
[Round "4"]
[White "Karjakin,Sergey"]
[Black "Pavlov,Ma"]
[Result "1-0"]
[WhiteElo "2562"]
[BlackElo "2443"]

1.e4 c5 2.Nf3 d6 3.d4 cxd4 4.Nxd4 Nf6 5.Nc3 a6 6.f3 e5 7.Nb3 Be6 8.Be3 Be7
9.Qd2 O-O 10.O-O-O Nbd7 11.g4 Qc7 12.Kb1 Rfc8 13.Qf2 b5 14.g5 Nh5 15.h4 Rcb8
16.Bh3 b4 17.Nd5 Bxd5 18.exd5 a5 19.Bg4 a4 20.Nd2 Nf4 21.Bxf4 exf4 22.Bxd7 Qxd7
23.Qd4 Qb5 24.Ne4 b3 25.cxb3 axb3 26.a3 Ra4 27.Qd3 Rc4 28.Nc3 Qc5 29.Rhe1 Bf8
30.Re4 Rxe4 31.Nxe4 Qc8 32.h5 Qe8 33.Re1 Kh8 34.h6 Qe5 35.Rh1 Qf5 36.a4 Qg6
37.Qd4 Qf5 38.Qc4 Kg8 39.a5 Ra8 40.a6 Qd7 41.Qxb3 Rxa6 42.hxg7 Kxg7 43.Qc3+ f6
44.Rxh7+ Kxh7 45.Nxf6+  1-0

[Event "ch-UKR"]
[Site "Simferopol UKR"]
[Date "2003.11.08"]
[Round "5"]
[White "Averjanov,A"]
[Black "Zhornik,N"]
[Result "0-1"]
[WhiteElo "2398"]
[BlackElo "2302"]

1.e4 c5 2.Nf3 d6 3.d4 cxd4 4.Nxd4 Nf6 5.Nc3 a6 6.f3 e5 7.Nb3 Be6 8.Be3 Nbd7
9.g4 h6 10.Qd2 Be7 11.O-O-O b5 12.h4 Nb6 13.Qf2 Nfd7 14.Kb1 Nc4 15.Bxc4 bxc4
16.Nc1 Rb8 17.N1e2 Qa5 18.Nd5 Bxd5 19.Rxd5 Qb4 20.b3 O-O 21.h5 Rfc8 22.Qe1 cxb3
23.cxb3 Qa3 24.Qd1 Nc5 25.Bc1 Qb4 26.Ka1 a5 27.Bd2 Qa3 28.Nc1 a4 29.b4 Bg5
30.Bxg5 Qc3+ 31.Kb1 Rxb4+ 32.Nb3 Nxb3  0-1

[Event "ch-UKR"]
[Site "Simferopol UKR"]
[Date "2003.11.09"]
[Round "6"]
[White "Zhornik,N"]
[Black "Pavlov,Ma"]
[Result "1/2-1/2"]
[WhiteElo "2302"]
[BlackElo "2443"]

1.e4 c5 2.Nf3 d6 3.d4 cxd4 4.Nxd4 Nf6 5.Nc3 a6 6.f3 e6 7.Be3 Be7 8.Qd2 Nc6
9.O-O-O O-O 10.g4 Nxd4 11.Bxd4 b5 12.Kb1 Qc7 13.h4 Nd7 14.g5 b4 15.Ne2 a5
16.f4 Bb7 17.Ng3 Rfc8 18.h5 a4 19.Bd3 e5 20.Be3 exf4 21.Bxf4 Ne5 22.Bxe5 dxe5
23.g6 Ba6 24.gxf7+ Kf8 25.Nf5 b3 26.Qg2 Bf6 27.Ne3 bxa2+ 28.Kxa2 a3 29.Nd5 Bc4+
30.Bxc4 Qxc4+ 31.b3 Qxc2+ 32.Qxc2 Rxc2+ 33.Ka1 h6 34.Rhf1 Rc6 35.Rc1 Rxc1+
36.Rxc1 Kxf7 37.Ka2 Bd8 38.b4 g6 39.Rf1+ Kg7 40.hxg6 h5 41.Rf5 Kxg6 42.Rxe5 Bg5
43.Re6+  1/2-1/2

[Event "ch-UKR"]
[Site "Simferopol UKR"]
[Date "2003.11.09"]
[Round "6"]
[White "Kononenko,Dmitry2"]
[Black "Rudenko,E"]
[Result "1/2-1/2"]
[WhiteElo "2151"]
[BlackElo "2271"]

1.e4 c5 2.Nf3 d6 3.d4 cxd4 4.Nxd4 Nf6 5.Nc3 a6 6.f3 e6 7.Be3 Nbd7 8.g4 h6
9.Qd2 b5 10.O-O-O Bb7 11.Kb1 b4 12.Na4 d5 13.exd5 Nxd5 14.Bc4 Be7 15.Bxd5 Bxd5
16.Nf5 Bf6 17.Qxb4 Rb8 18.Qa3 Ne5 19.Bc5 Nc4 20.Nd6+ Qxd6 21.Bxd6 Nxa3+ 22.Bxa3 Bxf3
23.Nc5 Ra8 24.c4 h5 25.g5 Bxg5 26.Rhg1 Be3 27.Rde1 Bxg1 28.Rxg1 Rg8 29.Rg3 Bg4
30.b4 g5 31.Bc1 f6 32.a4 Bf5+ 33.Kb2 h4 34.Re3 g4 35.Nxe6 Bxe6 36.Rxe6+ Kf7
37.Re2 Rac8 38.c5 a5 39.Bf4 axb4 40.Bd6 Rce8 41.Rg2 Re3 42.c6 Rc3 43.c7 Ke6
44.Bf4 Kd7 45.a5 Ra3 46.Rd2+ Kc8 47.Rd5 Rc3 48.Rb5 Rxc7 49.a6 Re8 50.Bxc7 Kxc7
51.Rb7+ Kd6 52.a7 Ra8 53.Rxb4 f5 54.Ra4 g3 55.Rxh4 gxh2 56.Rxh2 Rxa7 57.Kc3 Re7
58.Kd3 Kd5 59.Rh8 Re5 60.Rd8+  1/2-1/2

[Event "ch-UKR"]
[Site "Simferopol UKR"]
[Date "2003.11.10"]
[Round "7"]
[White "Kovchan,A"]
[Black "Alexikov,A"]
[Result "1-0"]
[WhiteElo "2561"]
[BlackElo "2383"]

1.e4 c5 2.Nf3 d6 3.d4 cxd4 4.Nxd4 Nf6 5.Nc3 a6 6.f3 Qb6 7.Nb3 e6 8.Bg5 Nbd7
9.Qd2 Qc7 10.O-O-O b5 11.h4 Bb7 12.Bd3 Be7 13.Kb1 O-O 14.h5 Rfe8 15.g4 Ne5
16.Nd4 b4 17.Nce2 d5 18.Bxf6 Bxf6 19.g5 Bd8 20.exd5 Bxd5 21.Nf4 Bb7 22.Rhg1 Nxd3
23.Nxd3 a5 24.f4 Bd5 25.Ne5 Rc8 26.Rde1 Be7 27.f5 Bd6 28.Nb5 Qc5 29.Nxd6 Qxd6
30.Qd3 exf5 31.Qxf5 Qe6 32.Qxe6 Rxe6 33.Nd3 Be4 34.Rd1 Bf5 35.Rd2 g6 36.h6 f6
37.Nf4 Rec6 38.Nd5 Rxc2 39.Rxc2 Bxc2+ 40.Ka1  1-0

[Event "ch-UKR"]
[Site "Simferopol UKR"]
[Date "2003.11.12"]
[Round "9"]
[White "Mihalichenko,B"]
[Black "Rudenko,E"]
[Result "1-0"]
[WhiteElo "2265"]
[BlackElo "2271"]

1.e4 c5 2.Nf3 d6 3.d4 cxd4 4.Nxd4 Nf6 5.Nc3 a6 6.f3 e5 7.Nb3 Be6 8.Be3 Nbd7
9.Qd2 b5 10.a4 b4 11.Nd5 Bxd5 12.exd5 Nb6 13.Bxb6 Qxb6 14.a5 Qb7 15.Bc4 Be7
16.Ra4 Rb8 17.Qd3 Ra8 18.Qd2 Rb8 19.Nc1 O-O 20.O-O Rfc8 21.b3 Bd8 22.Kh1 Rc5
23.Nd3 Rxa5 24.Rxb4 Qa7 25.Rxb8 Qxb8 26.Nb4 Ra3 27.Nc6 Qb6 28.Qc1 Ra5 29.Nxa5 Qxa5
30.Qa1 Qxa1 31.Rxa1  1-0

[Event "ch-UKR"]
[Site "Simferopol UKR"]
[Date "2003.11.12"]
[Round "9"]
[White "Kucherenko,D"]
[Black "Labensky,I"]
[Result "1-0"]
[WhiteElo "2226"]
[BlackElo "2462"]

1.e4 c5 2.Nf3 d6 3.d4 cxd4 4.Nxd4 Nf6 5.Nc3 a6 6.f3 e6 7.Be3 Nc6 8.Qd2 Qc7
9.O-O-O Nxd4 10.Bxd4 e5 11.Be3 b5 12.Kb1 Bb7 13.g4 Be7 14.g5 b4 15.Ne2 Nd7
16.Ng3 g6 17.h4 a5 18.h5 Nb6 19.hxg6 fxg6 20.Bb5+ Bc6 21.Qe2 Rc8 22.Ba6 Rb8
23.f4 exf4 24.Bxf4 Nd7 25.Bc4 Ne5 26.Bxe5 dxe5 27.Nf5 gxf5 28.Qh5+  1-0

[Event "13th WSen"]
[Site "Bad Zwischenahn GER"]
[Date "2003.11.21"]
[Round "5"]
[White "Zunker,R"]
[Black "Litvinov,Vl"]
[Result "0-1"]
[WhiteElo "2184"]
[BlackElo "2352"]

1.e4 c5 2.Nf3 d6 3.d4 cxd4 4.Nxd4 Nf6 5.Nc3 a6 6.f3 Qb6 7.a3 e6 8.Be3 Nc6
9.Qd2 Qc7 10.g4 Be7 11.h4 h6 12.Rg1 Nd7 13.g5 Nde5 14.Be2 hxg5 15.O-O-O Nxd4
16.Bxd4 Rxh4 17.Rxg5 Bf6 18.Rg2 Ng6 19.Bxf6 gxf6 20.Qxd6 Qxd6 21.Rxd6 Bd7
22.Rd1 Ke7 23.Rdg1 Bc6 24.Rg4 Rh2 25.R4g2 Rah8 26.Kd2 Nf4 27.Rxh2 Rxh2 28.Ke3 e5
29.Bd1 Ne6 30.b3 f5 31.exf5 Nd4 32.Ne4 Nxf5+ 33.Kd3 Nd4 34.c3 Ne6 35.a4 Rb2
36.Nd2 Nc5+ 37.Kc4 Nxa4 38.Ne4 Nb6+ 39.Kd3 Nd5 40.Bc2 f5 41.Ng3 f4 42.Nh5 Ne3  0-1

[Event "TCh-SWE 2003-4"]
[Site "Malmo SWE"]
[Date "2003.11.29"]
[Round "4"]
[White "Agrest,E"]
[Black "De Firmian,N"]
[Result "1/2-1/2"]
[WhiteElo "2605"]
[BlackElo "2553"]

1.e4 c5 2.Nf3 d6 3.d4 cxd4 4.Nxd4 Nf6 5.Nc3 a6 6.f3 e5 7.Nb3 Be6 8.Be3 Nbd7
9.Qd2 Rc8 10.O-O-O Be7 11.Kb1 O-O 12.g4 Nb6 13.h4 Qc7 14.Qf2 Nc4 15.Bxc4 Qxc4
16.Bg5 Qc6 17.Rh2 b5 18.Qe1 Rfd8 19.Na5 Qc7 20.Nd5 Bxd5 21.exd5 Re8 22.Bxf6 Bxf6
23.Nc6 Qd7 24.Qe4 Bd8 25.Re1 Rf8 26.Qe2 f5 27.g5 Bb6 28.a4 Rxc6 29.dxc6 Qxc6
30.axb5 axb5 31.Qd3 Bc5 32.Rd2 b4 33.h5 Kh8 34.Qd5 Qa6 35.Qa2 Qb7 36.Qd5 Qa7
37.Qa2 Qb7  1/2-1/2

[Event "ch-GRE w"]
[Site "Aspropyrgos GRE"]
[Date "2003.11.30"]
[Round "2"]
[White "Stiri,A"]
[Black "Grapsa,G"]
[Result "1-0"]
[WhiteElo "2183"]
[BlackElo "2082"]

1.e4 c5 2.Nf3 d6 3.d4 cxd4 4.Nxd4 Nf6 5.Nc3 a6 6.f3 e5 7.Nb3 Be6 8.Be3 Nbd7
9.g4 Nb6 10.g5 Nfd7 11.Qd2 Rc8 12.h4 Be7 13.O-O-O Qc7 14.Kb1 Nc5 15.Nxc5 dxc5
16.Qf2 Qc6 17.Bh3 O-O 18.Nd5 Nxd5 19.exd5 Bxd5 20.Bxc8 Bxf3 21.Bd7 Qe4 22.Rhf1  1-0

[Event "VIII Mirko Srajber Mem"]
[Site "Subotica SCG"]
[Date "2003.12.03"]
[Round "6"]
[White "Parligras,M"]
[Black "Sedlak,N"]
[Result "1/2-1/2"]
[WhiteElo "2525"]
[BlackElo "2543"]

1.e4 c5 2.Nf3 d6 3.d4 cxd4 4.Nxd4 Nf6 5.Nc3 a6 6.f3 e5 7.Nb3 Be6 8.Be3 Be7
9.Qd2 O-O 10.O-O-O Qc7 11.g4 Rc8 12.Kb1 d5 13.exd5 Nxd5 14.Nxd5 Bxd5 15.Bg2 Be6
16.h3 a5 17.a3 Ra6 18.Bf1 Rd6 19.Bd3 Nd7 20.Qe2 Rd5 21.Be4 Rxd1+ 22.Rxd1 a4
23.Nc1 Nf6 24.Bf5 Bxf5 25.gxf5 h6 26.Rd3 Re8 27.Rc3 Qd7 28.Qd3 Qxd3 29.Rxd3 Rc8
30.Ne2 Rc4 31.Bf2 e4 32.fxe4 Nxe4 33.Rd4 Rxd4 34.Bxd4 Nd6 35.f6 Bxf6 36.Bxf6 gxf6
37.Nc3 b5 38.b3 f5 39.bxa4 bxa4 40.Nxa4 f4 41.Nb2 f3 42.Nd1 Ne4 43.Ne3 f2
44.Nf1 f5 45.a4 f4 46.a5 Ng3 47.Nh2 f1=Q+ 48.Nxf1 Nxf1 49.a6 Nd2+ 50.Kb2 Nc4+
51.Kc3 Nb6 52.Kd4 Kg7 53.Ke4 Kf6 54.Kxf4 Na8 55.a7 Nc7 56.c4 Na8 57.Ke4 Ke6
58.Kf4 Kf6 59.Ke4 Ke6 60.Kd4 Kd6 61.Ke4 Ke6 62.Kf4  1/2-1/2

[Event "Cultural Village"]
[Site "Wijk aan Zee NED"]
[Date "2003.12.03"]
[Round "9"]
[White "Armas,Ju"]
[Black "Bezemer,A"]
[Result "0-1"]
[WhiteElo "2375"]
[BlackElo "2355"]

1.e4 c5 2.Nf3 d6 3.Nc3 a6 4.d4 cxd4 5.Nxd4 Nf6 6.f3 e5 7.Nb3 Be7 8.Be3 Be6
9.Qd2 O-O 10.O-O-O Qc7 11.Kb1 Rc8 12.g4 d5 13.exd5 Nxd5 14.Nxd5 Bxd5 15.Qf2 Qc6
16.Bd3 a5 17.Nd2 Na6 18.Be4 Bxa2+ 19.Kxa2 Qa4+ 20.Kb1 Nb4 21.b3 Qa2+ 22.Kc1 Rxc2+  0-1

[Event "Cultural Village"]
[Site "Wijk aan Zee NED"]
[Date "2003.12.03"]
[Round "9"]
[White "Armas,Ju"]
[Black "Bezemer,A"]
[Result "0-1"]
[WhiteElo "2375"]
[BlackElo "2355"]

1.e4 c5 2.Nf3 d6 3.Nc3 a6 4.d4 cxd4 5.Nxd4 Nf6 6.f3 e5 7.Nb3 Be7 8.Be3 Be6
9.Qd2 O-O 10.O-O-O Qc7 11.Kb1 Rc8 12.g4 d5 13.exd5 Nxd5 14.Nxd5 Bxd5 15.Qf2 Qc6
16.Bd3 a5 17.Nd2 Na6 18.Be4 Bxa2+ 19.Kxa2 Qa4+ 20.Kb1 Nb4 21.c3 Qa2+ 22.Kc1 Rxc3+  0-1

[Event "Attila Schneder Mem"]
[Site "Budapest HUN"]
[Date "2003.12.04"]
[Round "4"]
[White "Farkas,Ti"]
[Black "Szilagyi,P"]
[Result "1-0"]
[WhiteElo "2344"]
[BlackElo "2434"]

1.e4 c5 2.Nf3 d6 3.d4 Nf6 4.Nc3 cxd4 5.Nxd4 a6 6.f3 e6 7.Be3 Be7 8.Qd2 O-O
9.O-O-O Nc6 10.g4 Nxd4 11.Qxd4 b5 12.g5 Nd7 13.h4 Rb8 14.Qd2 b4 15.Ne2 Ne5
16.Nd4 Qc7 17.Kb1 d5 18.exd5 exd5 19.b3 Bd6 20.h5 Re8 21.Be2 Bd7 22.Rdg1 Re7
23.g6 Rbe8 24.gxh7+ Kxh7 25.Bg5 f5 26.Bxe7 Bxe7 27.f4 Nf7 28.Bd3 Nh6 29.Re1 Qb6
30.Nf3 Bf6 31.Ne5 Be6 32.Rhg1 Qd4 33.Rg6 Kh8 34.Qg2 Rf8 35.Rg1 Ng4 36.Qg3 Bxe5
37.fxe5 f4 38.Qe1 f3 39.h6 Nxh6 40.Qc1  1-0

[Event "VIII Mirko Srajber Mem"]
[Site "Subotica SCG"]
[Date "2003.12.07"]
[Round "10"]
[White "Lupulescu,C"]
[Black "Sedlak,N"]
[Result "1-0"]
[WhiteElo "2499"]
[BlackElo "2543"]

1.e4 c5 2.Nf3 d6 3.d4 cxd4 4.Nxd4 Nf6 5.Nc3 a6 6.f3 e5 7.Nb3 Be6 8.Be3 Be7
9.Qd2 h5 10.Nd5 Nxd5 11.exd5 Bf5 12.Be2 Nd7 13.O-O Qc7 14.c4 O-O 15.Na5 Bf6
16.b4 b6 17.Nc6 Nb8 18.b5 axb5 19.cxb5 Nd7 20.a4 Nc5 21.Bxc5 dxc5 22.d6 Qd7
23.Bc4 Rfe8 24.a5 bxa5 25.Rxa5 Rxa5 26.Nxa5 e4 27.fxe4 Rxe4 28.Qd5 Re5 29.Qc6 Qd8
30.Qc7 Qe8 31.Nc6 Re4 32.Bd5 Ra4 33.Ne7+ Kh7 34.Nxf5 Qe2 35.d7 Ra1 36.Qf4 Rd1
37.Bc4 Qc2 38.Ne3 Bd4 39.Qxd4 Rxf1+ 40.Bxf1  1-0

[Event "ch-IND National A"]
[Site "Calicut IND"]
[Date "2003.12.12"]
[Round "12"]
[White "Hariharan,V"]
[Black "Das,A"]
[Result "1/2-1/2"]
[WhiteElo "2245"]
[BlackElo "2299"]

1.e4 c5 2.Nf3 d6 3.d4 cxd4 4.Nxd4 Nf6 5.Nc3 a6 6.f3 Nc6 7.Be3 d5 8.exd5 Nxd5
9.Nxd5 Qxd5 10.Nxc6 Qxc6 11.Qd4 Bf5 12.Bc4 e6 13.Rd1 Bxc2 14.Rc1 Rd8 15.Qc3 Bg6
16.a4 Qxa4 17.O-O Qb4 18.Qe5 Qd6 19.Qc3 Qb4 20.Qe5 Qd6 21.Qc3 Qb4  1/2-1/2

[Event "ch-IND National A"]
[Site "Calicut IND"]
[Date "2003.12.12"]
[Round "12"]
[White "Sandipan,C"]
[Black "Srinivasa Rao,M"]
[Result "1-0"]
[WhiteElo "2504"]
[BlackElo "2329"]

1.e4 c5 2.Nf3 d6 3.d4 cxd4 4.Nxd4 Nf6 5.Nc3 a6 6.Be3 Ng4 7.Bc1 Nf6 8.f3 e5
9.Nb3 Be6 10.Be3 Nbd7 11.g4 b5 12.g5 b4 13.Nd5 Nxd5 14.exd5 Bf5 15.Bd3 Bxd3
16.Qxd3 Be7 17.h4 a5 18.Nd2 O-O 19.Ne4 a4 20.O-O-O Qc7 21.Kb1 Rfc8 22.Rc1 Qb7
23.h5 Ra5 24.c4 bxc3 25.Nxc3 Nb6 26.Bxb6 Qxb6 27.g6 a3 28.b3 Rac5 29.gxf7+ Kxf7
30.Rc2 Bf6 31.Rhc1 Kg8 32.Qf5 e4 33.fxe4 Qc7 34.e5 Bxe5 35.Nb5 Rxc2 36.Rxc2 Qxc2+
37.Qxc2 Rxc2 38.Kxc2 Kf7 39.Nxa3 g5 40.hxg6+ Kxg6 41.Kd3 h5 42.Nc4 h4 43.Ke4 h3
44.Kf3 h2 45.Kg2 Kf5 46.Nxe5  1-0

[Event "RUS-UKR Blitz g/3"]
[Site "bereg.ru INT"]
[Date "2003.12.14"]
[Round "2"]
[White "Najer,E"]
[Black "Karjakin,Sergey"]
[Result "1-0"]
[WhiteElo "2608"]
[BlackElo "2562"]

1.e4 c5 2.Nc3 d6 3.Nf3 a6 4.d4 cxd4 5.Nxd4 Nf6 6.f3 e5 7.Nb3 Be6 8.Be3 Be7
9.Qd2 h5 10.O-O-O Nbd7 11.Kb1 Qc7 12.h3 h4 13.Bd3 b5 14.f4 Nb6 15.Bxb6 Qxb6
16.Rhe1 O-O 17.Nd5 Nxd5 18.exd5 Bxd5 19.Qe2 e4 20.Bxe4 Bxe4 21.Qxe4 Bf6 22.Qd5 Rfe8
23.a3 Qf2 24.Qd2 Qxd2 25.Nxd2 d5 26.Nf3 Re4 27.Rxd5 Rxf4 28.c3 Kh7 29.Rd7 Kg6
30.Kc2 a5 31.Kb3 Rc8 32.Ne5+ Bxe5 33.Rxe5 b4 34.cxb4 axb4 35.axb4 Rf2 36.Rc5 Rb8
37.Rcc7 Rxg2 38.Rxf7 Kh6 39.Rf4 Rg3+ 40.Rc3 g5 41.Rc4 Kh5 42.Rxg3 hxg3 43.Rg4 Rb7
44.Rxg3 Kh4 45.Rg4+ Kh5 46.Rc4 Kg6 47.Ka4 Kf5 48.b5 Ke5 49.Rc5+ Kf4 50.Kb4 Rh7
51.Rc3 Ke5 52.b6 Kd6 53.Kb5 Kd7 54.Rc7+  1-0

[Event "ch-IND National A"]
[Site "Calicut IND"]
[Date "2003.12.15"]
[Round "16"]
[White "Ramesh,R"]
[Black "Srinivasa Rao,M"]
[Result "1-0"]
[WhiteElo "2466"]
[BlackElo "2329"]

1.e4 c5 2.Nf3 d6 3.d4 cxd4 4.Nxd4 Nf6 5.Nc3 a6 6.f3 e5 7.Nb3 Be6 8.Be3 Nbd7
9.g4 b5 10.g5 b4 11.Nd5 Nxd5 12.exd5 Bf5 13.Bd3 Bxd3 14.Qxd3 Be7 15.h4 O-O
16.O-O-O a5 17.Nd2 f5 18.Kb1 a4 19.f4 Qc7 20.Nc4 e4 21.Qd4 b3 22.Rc1 Rfc8
23.cxb3 axb3 24.a3 Ra4 25.Nb6 Rxd4 26.Rxc7 Rxc7 27.Bxd4 Nxb6 28.Bxb6 Rb7
29.Bf2 Rb5 30.Rh3 Bd8 31.a4 Rb7 32.Rc3 Ba5 33.Rc8+ Kf7 34.Be3 Kg6 35.Kc1 Rc7+
36.Rxc7 Bxc7 37.Bd2 Kh5 38.a5 e3 39.Bb4 Kg4 40.a6 Bb8 41.Bc3 Ba7 42.Bxg7 e2
43.Kd2 Kf3 44.Bc3 Kxf4 45.Kxe2 Kg4 46.Be1  1-0

[Event "Open"]
[Site "Pamplona ESP"]
[Date "2003.12.22"]
[Round "3"]
[White "Lopez Gracia,F"]
[Black "Borovikov,V"]
[Result "0-1"]
[WhiteElo "2360"]
[BlackElo "2571"]

1.e4 c5 2.Nf3 d6 3.d4 cxd4 4.Nxd4 Nf6 5.Nc3 a6 6.f3 e5 7.Nb3 Be6 8.Be3 h5
9.Qd2 Nbd7 10.a4 Be7 11.a5 Rc8 12.Be2 Qc7 13.O-O O-O 14.Kh1 Rfd8 15.Nc1 b5
16.axb6 Nxb6 17.Rxa6 Nc4 18.Bxc4 Bxc4 19.Ra7 Qxa7 20.Bxa7 Bxf1 21.Nd3 Ra8
22.Bg1 Bxd3 23.Qxd3 Ra1 24.Nd5 Nxd5 25.exd5 Rda8 26.h4 Rb1 27.Kh2 Raa1 28.Bb6 Rh1+  0-1

[Event "2nd Open"]
[Site "Nantes FRA"]
[Date "2003.12.29"]
[Round "7"]
[White "Delorme,Al"]
[Black "Chabradze,B"]
[Result "1-0"]
[WhiteElo "2153"]
[BlackElo "2134"]

1.e4 c5 2.Nf3 d6 3.d4 cxd4 4.Nxd4 Nf6 5.Nc3 a6 6.f3 e5 7.Nb3 Be6 8.Be3 Nbd7
9.Qd2 Qc7 10.g4 h6 11.O-O-O b5 12.Nd5 Bxd5 13.exd5 Rc8 14.Kb1 Nb6 15.Bxb6 Qxb6
16.h4 Be7 17.f4 Ne4 18.Qg2 Nf2 19.Bd3 Nxd1 20.Rxd1 Bxh4 21.fxe5 dxe5 22.d6 Rd8
23.Qd5 O-O 24.d7 g6 25.Nc5 Be7 26.b4 Qd6 27.Qxd6 Bxd6 28.Be4 Be7 29.Nxa6 f5
30.gxf5 gxf5 31.Bd5+ Kg7 32.Bc6 Rf6 33.Bxb5 f4 34.c4 f3 35.c5 f2 36.c6 Bd6
37.c7 Bxc7 38.Nxc7 e4 39.Ne8+ Kg6 40.Nxf6 Kxf6 41.Kc2 Ke5 42.Kd2 Kf4 43.Ke2 e3
44.Rd4+  1-0

[Event "33rd Rilton Cup"]
[Site "Stockholm SWE"]
[Date "2003.12.31"]
[Round "5"]
[White "Berg,E"]
[Black "Lehikoinen,P"]
[Result "1-0"]
[WhiteElo "2489"]
[BlackElo "2235"]

1.e4 c5 2.Nf3 d6 3.d4 cxd4 4.Nxd4 Nf6 5.Nc3 a6 6.Be3 Ng4 7.Bc1 Nf6 8.f3 e5
9.Nb3 Be6 10.Be3 Nbd7 11.Qd2 b5 12.a4 b4 13.Nd5 Bxd5 14.exd5 Nb6 15.Bxb6 Qxb6
16.a5 Qb7 17.Bc4 Be7 18.Ra4 Rb8 19.Qd3 O-O 20.Bxa6 Qxd5 21.Qxd5 Nxd5 22.Kf2 Nc7
23.Be2 d5 24.Rc1 Ne6 25.a6 Rfc8 26.Bd3 Nc5 27.Nxc5 Bxc5+ 28.Ke2 Ba7 29.Ra5 Rd8
30.Rca1 Kf8 31.R1a4 g6 32.Rb5 e4 33.fxe4 dxe4 34.Bc4 e3 35.Rb7 Rxb7 36.axb7 Rd2+
37.Ke1 Bb8 38.Bd3 Bxh2 39.b8=Q+ Bxb8 40.Ra8 Kg7 41.Rxb8 Rxg2 42.Rxb4 f5 43.Rf4 Kf6
44.b4 Ke5 45.Rf3 f4 46.b5 g5 47.b6 Kd6 48.Rh3 h5 49.Be4 Rg1+ 50.Ke2 h4 51.Rh1 Rxh1
52.Bxh1 g4 53.c4 h3 54.c5+ Kd7 55.c6+ Kd6 56.c7 f3+ 57.Kxe3 Kd7 58.Bxf3  1-0

[Event "10th Open"]
[Site "Bosnjaci CRO"]
[Date "2004.01.05"]
[Round "5"]
[White "Fercec,N"]
[Black "Brkic,A"]
[Result "1-0"]
[WhiteElo "2467"]
[BlackElo "2420"]

1.e4 c5 2.Nf3 d6 3.d4 cxd4 4.Nxd4 Nf6 5.Nc3 a6 6.f3 e6 7.Be3 Nc6 8.g4 Be7
9.Qd2 O-O 10.O-O-O Nxd4 11.Bxd4 b5 12.g5 Nd7 13.h4 Qc7 14.Kb1 b4 15.Ne2 Ne5
16.f4 Nc4 17.Qd3 a5 18.Ng3 Ba6 19.Qf3 Rfc8 20.Bxc4 Bxc4 21.b3 Bb5 22.Rh2 Bf8
23.g6 fxg6 24.h5 g5 25.h6 g6 26.Qg4 gxf4 27.Nh5 Qf7 28.Nf6+ Kh8 29.e5 Be7
30.exd6 Bxf6 31.Qxf4 Kg8 32.Bxf6 Rc5 33.Qh4 Rf5 34.Bb2 e5 35.d7 Bxd7 36.Rhd2 Be8
37.Qe4 Rc8 38.Rd5 Qe7 39.Rxa5 Rd8 40.Re1 Bf7 41.Rb5 Qd6 42.Rxe5 Rxe5 43.Bxe5 Qd2
44.Rf1 Be6 45.Bb2 Qd5 46.Qxb4 Bf5 47.Qc3 Kf7 48.Qf6+  1-0

[Event "ch-Commonwealth"]
[Site "Mumbai IND"]
[Date "2004.01.12"]
[Round "3"]
[White "Smirnov,P"]
[Black "Michelakis,G"]
[Result "1/2-1/2"]
[WhiteElo "2609"]
[BlackElo "2432"]

1.e4 c5 2.Nf3 d6 3.d4 cxd4 4.Nxd4 Nf6 5.Nc3 a6 6.f3 Qb6 7.g4 e6 8.a3 Nc6
9.Be3 Qc7 10.Qd2 b5 11.h4 Rb8 12.Nxc6 Qxc6 13.Ne2 Nd7 14.Nd4 Qc7 15.O-O-O Ne5
16.g5 Bb7 17.Kb1 d5 18.exd5 Bxd5 19.Bf4 f6 20.Bh3 Rb6 21.Rhe1 Kf7 22.h5 Bd6
23.gxf6 gxf6 24.Nf5 Nxf3 25.Nxd6+ Rxd6 26.Qf2 Nxe1 27.Rxe1 Qb6 28.Be3 Qd8
29.Bd4 Bc4 30.c3 Rg8 31.Qf4 Rg5 32.Qf3 e5 33.Be3 Rg3 34.Qxg3 Rd1+ 35.Rxd1 Qxd1+
36.Bc1 Bd3+ 37.Ka2 Bc4+ 38.Kb1 Bd3+ 39.Ka2 Qc2 40.Qe3 e4  1/2-1/2

[Event "1st WinTV Open"]
[Site "Chennai IND"]
[Date "2004.01.24"]
[Round "5"]
[White "Phoobalan,P"]
[Black "Konguvel,P"]
[Result "0-1"]
[WhiteElo "2242"]
[BlackElo "2366"]

1.e4 c5 2.Nf3 d6 3.d4 cxd4 4.Nxd4 Nf6 5.Nc3 a6 6.f3 e5 7.Nb3 Be6 8.Be3 Nbd7
9.Qd2 Be7 10.O-O-O O-O 11.g4 Qc7 12.Kb1 Rfc8 13.h4 b5 14.h5 b4 15.Nd5 Bxd5
16.exd5 a5 17.g5 a4 18.Nc1 Nxd5 19.Qxd5 Qxc2+ 20.Ka1 a3 21.Qb3 axb2+ 22.Qxb2 Qxd1
23.g6 b3 24.gxf7+ Kf8 25.Bg2 Qc2 26.Nxb3 Bf6 27.Rc1 Rxa2+  0-1

[Event "1st WinTV Open"]
[Site "Chennai IND"]
[Date "2004.01.27"]
[Round "7"]
[White "Iswarya,S"]
[Black "Gopal,G"]
[Result "0-1"]
[WhiteElo "2057"]
[BlackElo "2233"]

1.e4 c5 2.Nf3 d6 3.d4 cxd4 4.Nxd4 Nf6 5.Nc3 a6 6.f3 e5 7.Nb3 Be6 8.Be3 Be7
9.Qd2 O-O 10.O-O-O Qc7 11.g4 Rc8 12.g5 Nh5 13.Nd5 Bxd5 14.exd5 Nd7 15.Bh3 g6
16.Bg4 a5 17.Bxh5 a4 18.Na1 a3 19.b3 gxh5 20.f4 exf4 21.Bd4 Ne5 22.Qxf4 Bf8
23.Rhf1 Bg7 24.Kb1 Ng6 25.Qf2 Bxd4 26.Rxd4 Ne5 27.Qd2 Qc3 28.Qxc3 Rxc3 29.Kc1 Rh3
30.Rd2 Rc8 31.c4 b5 32.Nc2 bxc4 33.bxc4 Nxc4 34.Re2 Rc3 35.Kb1 Rd3 36.Rc1 Rxd5
37.Ka1 Nd2 38.h4 Rd3 39.Rg2 Kg7  0-1

[Event "1st WinTV Open"]
[Site "Chennai IND"]
[Date "2004.01.30"]
[Round "11"]
[White "Phoobalan,P"]
[Black "Srinivasa Rao,M"]
[Result "0-1"]
[WhiteElo "2242"]
[BlackElo "2335"]

1.e4 c5 2.Nf3 d6 3.d4 cxd4 4.Nxd4 Nf6 5.Nc3 a6 6.f3 e5 7.Nb3 Be6 8.Be3 h5
9.Qd2 Nbd7 10.O-O-O Rc8 11.Kb1 b5 12.Qf2 Qc7 13.Nd5 Bxd5 14.exd5 Be7 15.c3 Bd8
16.Qg3 Qb7 17.Bd3 a5 18.Na1 Bb6 19.Bc1 Bc5 20.Qxg7 Ke7 21.Qg5 b4 22.c4 a4
23.Rhe1 b3 24.a3 Rcg8 25.Qd2 Qb6 26.Bf5 Kd8 27.Bh3 Ng4 28.Qd3 Nf2 29.Qf5 Nxh3
30.Qxh3 Kc7 31.f4 Rg4 32.Qf3 Rhg8 33.Re2 h4 34.Rd3 f5 35.fxe5 Nxe5  0-1

[Event "1st WinTV Open"]
[Site "Chennai IND"]
[Date "2004.01.30"]
[Round "11"]
[White "Iswarya,S"]
[Black "Krishna,T"]
[Result "1-0"]
[WhiteElo "2057"]
[BlackElo "2129"]

1.e4 c5 2.Nf3 d6 3.d4 cxd4 4.Nxd4 Nf6 5.Nc3 a6 6.f3 e5 7.Nb3 Be6 8.Be3 Be7
9.Qd2 O-O 10.O-O-O Qc7 11.g4 b5 12.h4 b4 13.Nd5 Bxd5 14.exd5 a5 15.Kb1 Rc8
16.Rh2 Na6 17.g5 Nd7 18.Bb5 Nab8 19.Ba4 Nb6 20.Bxb6 Qxb6 21.h5 Bf8 22.g6 fxg6
23.hxg6 h6 24.Qd3 Rc7 25.f4 exf4 26.Nd4 Nd7 27.Qf5 Nc5 28.Bc6 Rd8 29.Rf1 Re7
30.Qxf4 Qb8 31.Bb5 Ne4 32.Nc6 Qc7 33.Nxe7+ Qxe7 34.Re2  1-0